000 00715nam a2200253Ia 4500
003 OSt
005 20220928103900.0
006 a|||||r|||| 00| 0
007 ta
008 220927b |||||||| |||| 00| 0 hin d
020 _c395
024 _a110348
037 _b12826, 10/12/2010, Kitab Ghar
_cTextual
040 _aSDCL
_cSDCL
_bhin
041 _2hin
_ahin
082 _aO152,3N345x, Q0
100 _aJoshi Shekhar
_9407450
245 0 _aSmriti mein rahe veh.
260 _aHapudh
_bSumbhavna Prakashan
_c2010
300 _a247p.
_ccm.
650 _aHindi
_9391598
942 _hO152,3N345x, Q0
_cTEXL
_2CC
999 _c722965
_d722965